[Event "8th Ali Ipek Tournament 2020"]
[Site "Ankara"]
[Date "2020.03.08"]
[Round "7.12"]
[White "Saltik, Suleyman"]
[Black "Ceneli, Mehmet Canay"]
[Result "0-1"]
[WhiteElo "1658"]
[BlackElo "1431"]
[Annotator "NA RC"]
[PlyCount "104"]
[EventDate "2020.03.04"]
[EventType "swiss"]
[EventCountry "TUR"]
[SourceTitle "playchess.com"]
[Source "ChessBase"]
[SourceQuality "1"]
[TimeControl "5400+30"]

1. e4 {[%emt 0:00:30]} d6 {[%emt 0:00:30]} 2. Bc4 {[%emt 0:00:30]} Nf6 {[%emt 0:00:30]} 3. Nc3 {[%emt 0:00:30]} c5 {[%emt 0:02:30]} 4. Nge2 {[%emt 0:00:30]} Nc6 {[%emt 0:00:30]} 5. d4 {[%emt 0:02:30]} cxd4 {[%emt 0:00:30]} 6. Nxd4 {[%emt 0:00:00]} e6 {[%emt 0:00:30]} 7. O-O {[%emt 0:05:00]} Be7 {[%emt 0:00:30]} 8. Be3 {[%emt 0:02:30]} a6 {[%emt 0:01:30]} 9. a4 {[%emt 0:00:30]} Qc7 {[%emt 0:02:30]} 10. Qe2 {[%emt 0:02:30]} O-O {[%emt 0:02:30]} 11. Rfd1 {[%emt 0:04:30]} Rd8 {[%emt 0:07:30]} 12. f3 {[%emt 0:04:30]} d5 {[%emt 0:06:30]} 13. exd5 {[%emt 0:02:30]} exd5 {[%emt 0:00:30]} 14. Bd3 {[%emt 0:02:30]} Bd6 {[%emt 0:06:30]} 15. g3 {[%emt 0:05:30]} Re8 {[%emt 0:00:30]} 16. Qf2 {[%emt 0:02:30]} Rxe3 {[%emt 0:03:30]} 17. Qxe3 {[%emt 0:12:30]} Nxd4 {[%emt 0:00:00]} 18. Kg2 {[%emt 0:00:30]} Nc6 {[%emt 0:03:00]} 19. Ne2 {[%emt 0:06:30]} Be6 {[%emt 0:08:30]} 20. Nd4 {[%emt 0:03:30]} Nxd4 {[%emt 0:04:30]} 21. Qxd4 {[%emt 0:00:30]} Re8 {[%emt 0:07:30]} 22. Re1 {[%emt 0:01:30]} Bc5 {[%emt 0:07:30]} 23. Qh4 {[%emt 0:00:30]} d4 {[%emt 0:00:30]} 24. Re2 {[%emt 0:03:30]} h6 {[%emt 0:01:30]} 25. b4 {[%emt 0:02:30]} Bxb4 {[%emt 0:00:30]} 26. Rb1 {[%emt 0:01:30]} Bc5 {[%emt 0:02:30]} 27. Kh1 {[%emt 0:00:30]} Qc6 {[%emt 0:02:30]} 28. Be4 {[%emt 0:00:30]} Nxe4 {[%emt 0:01:30]} 29. Qxe4 {[%emt 0:00:30]} Qxe4 {[%emt 0:01:30]} 30. Rxe4 {[%emt 0:00:30]} Rc8 {[%emt 0:01:30]} 31. Re2 {[%emt 0:00:30]} Bd5 {[%emt 0:00:30]} 32. Kg2 {[%emt 0:00:00]} Bc6 {[%emt 0:00:30]} 33. a5 {[%emt 0:00:00]} Rd8 {[%emt 0:03:30]} 34. Rb3 {[%emt 0:01:30]} Rd6 {[%emt 0:00:30]} 35. Re5 {[%emt 0:00:30]} Ba7 {[%emt 0:00:30]} 36. Kf1 {[%emt 0:01:30]} Rd5 {[%emt 0:02:30]} 37. f4 {[%emt 0:06:30]} Rxe5 {[%emt 0:01:19]} 38. fxe5 {[%emt 0:00:30]} Bb8 {[%emt 0:00:05]} 39. c3 {[%emt 0:00:30]} dxc3 {[%emt 0:01:00]} 40. Rxc3 {[%emt 0:00:00]} Bxe5 {[%emt 0:00:11]} 41. Rb3 {[%emt 0:00:00]} Bc7 {[%emt 0:00:30]} 42. Ra3 {[%emt 0:00:30]} f5 {[%emt 0:00:01]} 43. Ke2 {[%emt 0:00:30]} Kf7 {[%emt 0:00:24]} 44. Kd3 {[%emt 0:00:00]} Ke6 {[%emt 0:00:30]} 45. Kd4 {[%emt 0:00:00]} Be5+ {[%emt 0:00:30]} 46. Kc4 {[%emt 0:00:30]} Bb5+ {[%emt 0:00:30]} 47. Kb3 {[%emt 0:00:30]} f4 {[%emt 0:00:30]} 48. gxf4 {[%emt 0:00:30]} Bxf4 {[%emt 0:00:00]} 49. h3 {[%emt 0:00:00]} Kf5 {[%emt 0:00:00]} 50. Kc3 {[%emt 0:00:00]} Be5+ {[%emt 0:00:30]} 51. Kd2 {[%emt 0:00:30]} Kg5 {[%emt 0:00:30]} 52. Ke3 {[%emt 0:00:00]} Kh4 {[%emt 0:00:30]} 0-1

[Event "8th Ali Ipek Tournament 2020"]
[Site "Ankara"]
[Date "2020.03.08"]
[Round "7.13"]
[White "Ari, Hasancan"]
[Black "Aydin, Aytac"]
[Result "0-1"]
[WhiteElo "1399"]
[BlackElo "1652"]
[Annotator "NA RC"]
[PlyCount "60"]
[EventDate "2020.03.04"]
[EventType "swiss"]
[EventCountry "TUR"]
[SourceTitle "playchess.com"]
[Source "ChessBase"]
[SourceQuality "1"]
[TimeControl "5400+30"]

1. d4 {[%emt 0:00:30]} d5 {[%emt 0:00:30]} 2. c4 {[%emt 0:00:30]} dxc4 {[%emt 0:00:30]} 3. Nc3 {[%emt 0:00:00]} Nf6 {[%emt 0:00:00]} 4. e3 {[%emt 0:00:00]} e6 {[%emt 0:00:00]} 5. Bxc4 {[%emt 0:00:30]} c5 {[%emt 0:00:30]} 6. Nf3 {[%emt 0:00:30]} Nc6 {[%emt 0:00:30]} 7. O-O {[%emt 0:01:30]} a6 {[%emt 0:02:30]} 8. a4 {[%emt 0:04:30]} cxd4 {[%emt 0:00:30]} 9. exd4 {[%emt 0:00:30]} Be7 {[%emt 0:01:30]} 10. Re1 {[%emt 0:04:30]} O-O {[%emt 0:05:30]} 11. Bg5 {[%emt 0:01:30]} Nb4 {[%emt 0:06:30]} 12. Ne5 {[%emt 0:03:30]} Nbd5 {[%emt 0:01:30]} 13. Nxd5 {[%emt 0:01:30]} Nxd5 {[%emt 0:00:30]} 14. Bxe7 {[%emt 0:00:30]} Nxe7 {[%emt 0:00:30]} 15. Bd3 {[%emt 0:05:30]} Nd5 {[%emt 0:03:30]} 16. Rc1 {[%emt 0:01:30]} Nf6 {[%emt 0:06:30]} 17. Bb1 {[%emt 0:02:30]} Bd7 {[%emt 0:10:30]} 18. Re3 {[%emt 0:03:30]} Rc8 {[%emt 0:04:30]} 19. Rxc8 {[%emt 0:02:30]} Qxc8 {[%emt 0:00:30]} 20. Rf3 {[%emt 0:02:30]} Bxa4 {[%emt 0:13:30]} 21. b3 {[%emt 0:01:30]} Bb5 {[%emt 0:00:30]} 22. h4 {[%emt 0:01:30]} Nd7 {[%emt 0:07:30]} 23. Nxd7 {[%emt 0:04:30]} Qxd7 {[%emt 0:00:00]} 24. h5 {[%emt 0:02:30]} f5 {[%emt 0:03:00]} 25. g4 {[%emt 0:04:30]} Bc6 {[%emt 0:02:30]} 26. Re3 {[%emt 0:02:30]} Qd5 {[%emt 0:00:30]} 27. f3 {[%emt 0:00:30]} fxg4 {[%emt 0:00:30]} 28. h6 {[%emt 0:10:30]} gxf3 {[%emt 0:02:30]} 29. hxg7 {[%emt 0:00:30]} Qg5+ {[%emt 0:00:30]} 30. Kh2 {[%emt 0:00:30]} Qg2# {[%emt 0:00:00]} 0-1

[Event "8th Ali Ipek Tournament 2020"]
[Site "Ankara"]
[Date "2020.03.08"]
[Round "7.14"]
[White "Kamisli, Yigit"]
[Black "Aral, Demir"]
[Result "0-1"]
[WhiteElo "1393"]
[BlackElo "1554"]
[Annotator "NA RC"]
[PlyCount "70"]
[EventDate "2020.03.04"]
[EventType "swiss"]
[EventCountry "TUR"]
[SourceTitle "playchess.com"]
[Source "ChessBase"]
[SourceQuality "1"]
[TimeControl "5400+30"]

1. d4 {[%emt 0:00:30]} d5 {[%emt 0:00:30]} 2. c4 {[%emt 0:00:30]} e6 {[%emt 0:00:30]} 3. Nf3 {[%emt 0:00:00]} Nf6 {[%emt 0:00:00]} 4. g3 {[%emt 0:00:00]} c6 {[%emt 0:00:00]} 5. Bg2 {[%emt 0:01:30]} Bd6 {[%emt 0:02:30]} 6. Qc2 {[%emt 0:04:30]} Nbd7 {[%emt 0:01:30]} 7. O-O {[%emt 0:03:30]} O-O {[%emt 0:00:30]} 8. Nbd2 {[%emt 0:01:30]} b6 {[%emt 0:10:30]} 9. e4 {[%emt 0:05:30]} dxe4 {[%emt 0:00:30]} 10. Nxe4 {[%emt 0:00:00]} Nxe4 {[%emt 0:00:30]} 11. Qxe4 {[%emt 0:04:00]} Bb7 {[%emt 0:00:30]} 12. Ne5 {[%emt 0:02:30]} Nf6 {[%emt 0:22:30]} 13. Qf3 {[%emt 0:04:30]} Rc8 {[%emt 0:06:30]} 14. a3 {[%emt 0:11:30]} Ba8 {[%emt 0:00:30]} 15. Bg5 {[%emt 0:13:30]} c5 {[%emt 0:12:30]} 16. Bxf6 {[%emt 0:02:30]} Bxf3 {[%emt 0:00:30]} 17. Bxd8 {[%emt 0:00:00]} Bxg2 {[%emt 0:00:30]} 18. Kxg2 {[%emt 0:01:00]} Rfxd8 {[%emt 0:00:00]} 19. b3 {[%emt 0:06:30]} cxd4 {[%emt 0:01:00]} 20. Rfe1 {[%emt 0:03:30]} f6 {[%emt 0:01:30]} 21. Nd3 {[%emt 0:00:00]} Re8 {[%emt 0:03:30]} 22. a4 {[%emt 0:02:00]} e5 {[%emt 0:02:30]} 23. Ra2 {[%emt 0:05:30]} e4 {[%emt 0:06:30]} 24. Rae2 {[%emt 0:00:30]} f5 {[%emt 0:00:30]} 25. f3 {[%emt 0:00:30]} e3 {[%emt 0:00:00]} 26. Kf1 {[%emt 0:07:30]} a6 {[%emt 0:02:00]} 27. Ra2 {[%emt 0:01:21]} b5 {[%emt 0:03:30]} 28. axb5 {[%emt 0:01:38]} axb5 {[%emt 0:00:30]} 29. Rc1 {[%emt 0:00:58]} f4 {[%emt 0:11:22]} 30. g4 {[%emt 0:00:19]} Ra8 {[%emt 0:01:03]} 31. Rca1 {[%emt 0:00:38]} e2+ {[%emt 0:00:54]} 32. Ke1 {[%emt 0:00:30]} Rxa2 {[%emt 0:00:35]} 33. Rxa2 {[%emt 0:00:07]} Re3 {[%emt 0:00:08]} 34. c5 {[%emt 0:09:44]} Be7 {[%emt 0:01:07]} 35. Nxf4 {[%emt 0:07:52]} Bh4+ {[%emt 0:00:06]} 0-1

[Event "8th Ali Ipek Tournament 2020"]
[Site "Ankara"]
[Date "2020.03.08"]
[Round "7.15"]
[White "Oktem, Ege Tuna"]
[Black "Bilen, Tuna"]
[Result "1-0"]
[WhiteElo "1546"]
[BlackElo "1367"]
[Annotator "NA RC"]
[PlyCount "90"]
[EventDate "2020.03.04"]
[EventType "swiss"]
[EventCountry "TUR"]
[SourceTitle "playchess.com"]
[Source "ChessBase"]
[SourceQuality "1"]
[TimeControl "5400+30"]

1. e4 {[%emt 0:00:30]} e5 {[%emt 0:00:30]} 2. Nf3 {[%emt 0:00:30]} Nc6 {[%emt 0:00:00]} 3. d4 {[%emt 0:00:30]} exd4 {[%emt 0:00:00]} 4. Bc4 {[%emt 0:00:30]} Nf6 {[%emt 0:00:30]} 5. e5 {[%emt 0:00:30]} d5 {[%emt 0:00:30]} 6. Bb5 {[%emt 0:00:30]} Ne4 {[%emt 0:00:00]} 7. Nxd4 {[%emt 0:00:30]} Bc5 {[%emt 0:01:00]} 8. Be3 {[%emt 0:02:30]} Bd7 {[%emt 0:00:30]} 9. Bxc6 {[%emt 0:00:30]} bxc6 {[%emt 0:00:00]} 10. O-O {[%emt 0:00:30]} O-O {[%emt 0:00:00]} 11. f3 {[%emt 0:00:30]} Ng5 {[%emt 0:00:30]} 12. f4 {[%emt 0:00:30]} Ne4 {[%emt 0:00:30]} 13. Nd2 {[%emt 0:00:30]} Nxd2 {[%emt 0:00:30]} 14. Qxd2 {[%emt 0:00:30]} Rb8 {[%emt 0:00:30]} 15. Nb3 {[%emt 0:00:00]} Bxe3+ {[%emt 0:02:30]} 16. Qxe3 {[%emt 0:00:00]} Bf5 {[%emt 0:04:30]} 17. Rf2 {[%emt 0:03:30]} Rb6 {[%emt 0:03:30]} 18. h3 {[%emt 0:01:30]} h5 {[%emt 0:13:30]} 19. Nd4 {[%emt 0:02:30]} Qd7 {[%emt 0:03:30]} 20. g4 {[%emt 0:07:30]} hxg4 {[%emt 0:06:30]} 21. hxg4 {[%emt 0:00:30]} Bxg4 {[%emt 0:02:30]} 22. f5 {[%emt 0:01:30]} c5 {[%emt 0:04:30]} 23. Qg5 {[%emt 0:01:30]} Rh6 {[%emt 0:10:30]} 24. Rg2 {[%emt 0:08:30]} f6 {[%emt 0:01:30]} 25. Qxg4 {[%emt 0:00:00]} cxd4 {[%emt 0:01:30]} 26. e6 {[%emt 0:00:00]} Qe7 {[%emt 0:00:30]} 27. Qxd4 {[%emt 0:00:00]} c6 {[%emt 0:00:30]} 28. Rf1 {[%emt 0:02:00]} Rd8 {[%emt 0:02:30]} 29. Rf3 {[%emt 0:00:30]} c5 {[%emt 0:02:30]} 30. Qf4 {[%emt 0:04:30]} Rh7 {[%emt 0:02:30]} 31. Rb3 {[%emt 0:00:30]} c4 {[%emt 0:05:30]} 32. Rb8 {[%emt 0:01:30]} Qc5+ {[%emt 0:00:30]} 33. Rf2 {[%emt 0:00:30]} Qa5 {[%emt 0:00:30]} 34. Rxd8+ {[%emt 0:00:30]} Qxd8 {[%emt 0:00:30]} 35. Qd4 {[%emt 0:01:30]} Qa5 {[%emt 0:04:30]} 36. c3 {[%emt 0:02:30]} Kf8 {[%emt 0:11:01]} 37. Rd2 {[%emt 0:02:30]} Rh5 {[%emt 0:01:23]} 38. Qxd5 {[%emt 0:01:30]} Rxf5 {[%emt 0:01:16]} 39. Qd6+ {[%emt 0:00:00]} Kg8 {[%emt 0:01:31]} 40. Qd8+ {[%emt 0:00:00]} Kh7 {[%emt 0:00:28]} 41. Rh2+ {[%emt 0:00:30]} Kg6 {[%emt 0:00:39]} 42. Qe8+ {[%emt 0:00:00]} Kg5 {[%emt 0:00:21]} 43. Qh5+ {[%emt 0:00:00]} Kf4 {[%emt 0:00:22]} 44. Rf2+ {[%emt 0:00:30]} Ke4 {[%emt 0:00:26]} 45. Qg4+ {[%emt 0:01:30]} Kd5 {[%emt 0:00:30]} 1-0

[Event "8th Ali Ipek Tournament 2020"]
[Site "Ankara"]
[Date "2020.03.08"]
[Round "7.17"]
[White "Tunca, Omer"]
[Black "Orhon, Bora"]
[Result "0-1"]
[WhiteElo "1235"]
[BlackElo "1460"]
[Annotator "NA RC"]
[PlyCount "86"]
[EventDate "2020.03.04"]
[EventType "swiss"]
[EventCountry "TUR"]
[SourceTitle "playchess.com"]
[Source "ChessBase"]
[SourceQuality "1"]
[TimeControl "5400+30"]

1. f4 {[%emt 0:00:30]} d5 {[%emt 0:00:30]} 2. d4 {[%emt 0:00:30]} Nf6 {[%emt 0:00:30]} 3. Nf3 {[%emt 0:00:30]} g6 {[%emt 0:00:30]} 4. e3 {[%emt 0:00:00]} Bg7 {[%emt 0:00:00]} 5. c4 {[%emt 0:00:00]} c6 {[%emt 0:00:00]} 6. Nc3 {[%emt 0:00:00]} O-O {[%emt 0:00:30]} 7. cxd5 {[%emt 0:00:00]} cxd5 {[%emt 0:00:00]} 8. Bb5 {[%emt 0:00:30]} Nc6 {[%emt 0:16:00]} 9. Bd2 {[%emt 0:01:30]} Bf5 {[%emt 0:03:30]} 10. a3 {[%emt 0:01:30]} a6 {[%emt 0:01:30]} 11. Be2 {[%emt 0:00:30]} Rc8 {[%emt 0:05:30]} 12. Rc1 {[%emt 0:00:30]} Na5 {[%emt 0:08:30]} 13. b4 {[%emt 0:02:30]} Nc4 {[%emt 0:00:30]} 14. Bxc4 {[%emt 0:01:30]} dxc4 {[%emt 0:02:30]} 15. e4 {[%emt 0:01:30]} Nxe4 {[%emt 0:01:30]} 16. Nxe4 {[%emt 0:02:30]} Bxe4 {[%emt 0:00:00]} 17. Be3 {[%emt 0:00:30]} Bd3 {[%emt 0:05:00]} 18. Kf2 {[%emt 0:02:30]} Qd5 {[%emt 0:00:30]} 19. Re1 {[%emt 0:00:30]} Be4 {[%emt 0:00:30]} 20. Qe2 {[%emt 0:02:30]} Rfd8 {[%emt 0:01:30]} 21. Red1 {[%emt 0:01:30]} c3 {[%emt 0:01:30]} 22. g3 {[%emt 0:01:30]} Bxf3 {[%emt 0:02:30]} 23. Qxf3 {[%emt 0:00:30]} Qa2+ {[%emt 0:00:00]} 24. Qe2 {[%emt 0:03:30]} Qxa3 {[%emt 0:00:00]} 25. Rd3 {[%emt 0:01:30]} Qxb4 {[%emt 0:00:30]} 26. Qc2 {[%emt 0:00:30]} Bxd4 {[%emt 0:01:30]} 27. Bxd4 {[%emt 0:00:30]} Rxd4 {[%emt 0:00:00]} 28. Rxc3 {[%emt 0:00:00]} Rxc3 {[%emt 0:01:00]} 29. Qxc3 {[%emt 0:00:00]} Rd2+ {[%emt 0:00:00]} 30. Ke3 {[%emt 0:01:30]} Qxc3+ {[%emt 0:00:00]} 31. Rxc3 {[%emt 0:00:30]} Rxh2 {[%emt 0:00:30]} 32. Rc7 {[%emt 0:00:30]} b5 {[%emt 0:00:30]} 33. Rxe7 {[%emt 0:00:30]} b4 {[%emt 0:00:00]} 34. Ra7 {[%emt 0:00:30]} Ra2 {[%emt 0:00:00]} 35. Kd4 {[%emt 0:00:30]} a5 {[%emt 0:00:30]} 36. g4 {[%emt 0:01:30]} a4 {[%emt 0:00:30]} 37. Ke5 {[%emt 0:01:30]} Re2+ {[%emt 0:00:00]} 38. Kf6 {[%emt 0:01:30]} Re6+ {[%emt 0:00:00]} 39. Kg5 {[%emt 0:00:30]} a3 {[%emt 0:00:30]} 40. f5 {[%emt 0:00:30]} gxf5 {[%emt 0:02:30]} 41. gxf5 {[%emt 0:00:30]} Re8 {[%emt 0:00:00]} 42. Kf6 {[%emt 0:06:30]} Rb8 {[%emt 0:00:00]} 43. Ke5 {[%emt 0:01:30]} b3 {[%emt 0:00:30]} 0-1

[Event "8th Ali Ipek Tournament 2020"]
[Site "Ankara"]
[Date "2020.03.08"]
[Round "7.18"]
[White "Vural, Burak"]
[Black "Hotman, Cagan Arhan"]
[Result "0-1"]
[WhiteElo "1604"]
[BlackElo "1358"]
[Annotator "NA RC"]
[PlyCount "120"]
[EventDate "2020.03.04"]
[EventType "swiss"]
[EventCountry "TUR"]
[SourceTitle "playchess.com"]
[Source "ChessBase"]
[SourceQuality "1"]
[TimeControl "5400+30"]

1. e4 {[%emt 0:01:30]} e5 {[%emt 0:00:30]} 2. Nf3 {[%emt 0:00:30]} Nc6 {[%emt 0:00:00]} 3. Bc4 {[%emt 0:00:30]} Nf6 {[%emt 0:01:00]} 4. d4 {[%emt 0:01:30]} exd4 {[%emt 0:00:00]} 5. O-O {[%emt 0:00:00]} Nxe4 {[%emt 0:00:00]} 6. Re1 {[%emt 0:01:00]} d5 {[%emt 0:00:30]} 7. Bxd5 {[%emt 0:00:30]} Qxd5 {[%emt 0:00:30]} 8. Nc3 {[%emt 0:00:00]} Qh5 {[%emt 0:00:00]} 9. Nxe4 {[%emt 0:00:00]} Be6 {[%emt 0:00:00]} 10. Bg5 {[%emt 0:02:30]} Bd6 {[%emt 0:00:00]} 11. Nxd6+ {[%emt 0:04:30]} cxd6 {[%emt 0:00:00]} 12. Bf4 {[%emt 0:00:00]} Qd5 {[%emt 0:00:30]} 13. c3 {[%emt 0:01:00]} Qf5 {[%emt 0:00:30]} 14. Bxd6 {[%emt 0:06:30]} O-O-O {[%emt 0:00:00]} 15. Bg3 {[%emt 0:06:30]} dxc3 {[%emt 0:01:00]} 16. Qa4 {[%emt 0:02:30]} cxb2 {[%emt 0:30:30]} 17. Rab1 {[%emt 0:05:30]} Qa5 {[%emt 0:26:30]} 18. Qf4 {[%emt 0:21:30]} h6 {[%emt 0:05:30]} 19. Rxb2 {[%emt 0:03:30]} g5 {[%emt 0:01:30]} 20. Qc1 {[%emt 0:02:30]} Rhe8 {[%emt 0:05:30]} 21. Rbe2 {[%emt 0:10:30]} Rd5 {[%emt 0:06:30]} 22. Re5 {[%emt 0:09:40]} Red8 {[%emt 0:02:49]} 23. Nd4 {[%emt 0:03:28]} Qa4 {[%emt 0:06:05]} 24. Nxe6 {[%emt 0:04:10]} fxe6 {[%emt 0:01:59]} 25. Rxe6 {[%emt 0:02:43]} Rd1 {[%emt 0:01:47]} 26. Qc3 {[%emt 0:01:16]} Rxe1+ {[%emt 0:00:48]} 27. Rxe1 {[%emt 0:00:05]} Qxa2 {[%emt 0:00:54]} 28. Qg7 {[%emt 0:02:55]} Qa5 {[%emt 0:02:29]} 29. Ra1 {[%emt 0:01:58]} Rd7 {[%emt 0:02:48]} 30. Qb2 {[%emt 0:01:49]} Rd2 {[%emt 0:01:51]} 31. Qc1 {[%emt 0:01:03]} Qd5 {[%emt 0:00:16]} 32. h3 {[%emt 0:00:45]} h5 {[%emt 0:00:44]} 33. h4 {[%emt 0:01:40]} gxh4 {[%emt 0:00:27]} 34. Bf4 {[%emt 0:00:55]} Rd4 {[%emt 0:01:02]} 35. Be3 {[%emt 0:02:00]} Rg4 {[%emt 0:00:57]} 36. Qf1 {[%emt 0:00:08]} h3 {[%emt 0:00:16]} 37. g3 {[%emt 0:00:18]} Ne5 {[%emt 0:00:02]} 38. Rc1+ {[%emt 0:00:25]} Kb8 {[%emt 0:00:47]} 39. Qxh3 {[%emt 0:00:26]} Nf3+ {[%emt 0:00:52]} 40. Kf1 {[%emt 0:00:06]} Qd3+ {[%emt 0:00:18]} 41. Kg2 {[%emt 0:00:15]} Nh4+ {[%emt 0:01:01]} 42. Kh2 {[%emt 0:00:45]} Nf3+ {[%emt 0:00:30]} 43. Kg2 {[%emt 0:00:00]} Qd5 {[%emt 0:00:39]} 44. Kf1 {[%emt 0:00:00]} Qd3+ {[%emt 0:00:43]} 45. Kg2 {[%emt 0:00:00]} Qd5 {[%emt 0:00:30]} 46. Kf1 {[%emt 0:00:00]} Qd3+ {[%emt 0:01:19]} 47. Kg2 {[%emt 0:00:03]} Qe4 {[%emt 0:00:41]} 48. Kf1 {[%emt 0:00:13]} Qf5 {[%emt 0:00:13]} 49. Rc4 {[%emt 0:01:11]} Qd3+ {[%emt 0:00:31]} 50. Kg2 {[%emt 0:00:00]} Ne1+ {[%emt 0:00:15]} 51. Kg1 {[%emt 0:00:00]} Qxc4 {[%emt 0:00:16]} 52. Qxh5 {[%emt 0:00:00]} Rg8 {[%emt 0:00:36]} 53. Qh7 {[%emt 0:00:45]} Nf3+ {[%emt 0:00:52]} 54. Kg2 {[%emt 0:00:12]} Nh4+ {[%emt 0:00:00]} 55. Kg1 {[%emt 0:00:47]} Ng6 {[%emt 0:00:43]} 56. Qd7 {[%emt 0:00:29]} Qc6 {[%emt 0:00:42]} 57. Qd4 {[%emt 0:00:33]} Qb6 {[%emt 0:00:30]} 58. Qd5 {[%emt 0:01:46]} Qb1+ {[%emt 0:00:12]} 59. Kg2 {[%emt 0:00:00]} Rh8 {[%emt 0:00:20]} 60. Bf4+ {[%emt 0:01:30]} Nxf4+ {[%emt 0:00:30]} 0-1

[Event "8th Ali Ipek Tournament 2020"]
[Site "Ankara"]
[Date "2020.03.08"]
[Round "7.19"]
[White "Yenice, Yusuf Erkan"]
[Black "Sari, Engin"]
[Result "1-0"]
[WhiteElo "1514"]
[BlackElo "1457"]
[Annotator "NA RC"]
[PlyCount "135"]
[EventDate "2020.03.04"]
[EventType "swiss"]
[EventCountry "TUR"]
[SourceTitle "playchess.com"]
[Source "ChessBase"]
[SourceQuality "1"]
[TimeControl "5400+30"]

1. e4 {[%emt 0:00:30]} Nc6 {[%emt 0:00:30]} 2. Nf3 {[%emt 0:00:00]} f5 {[%emt 0:00:00]} 3. e5 {[%emt 0:03:00]} d6 {[%emt 0:00:00]} 4. Bb5 {[%emt 0:02:30]} dxe5 {[%emt 0:00:30]} 5. Bxc6+ {[%emt 0:01:30]} bxc6 {[%emt 0:00:30]} 6. Nxe5 {[%emt 0:00:00]} Qd5 {[%emt 0:01:30]} 7. Nf3 {[%emt 0:02:00]} Qe6+ {[%emt 0:02:30]} 8. Qe2 {[%emt 0:04:30]} Qxe2+ {[%emt 0:00:30]} 9. Kxe2 {[%emt 0:00:00]} g6 {[%emt 0:01:30]} 10. Re1 {[%emt 0:01:00]} Bg7 {[%emt 0:03:30]} 11. Kf1 {[%emt 0:00:00]} Nf6 {[%emt 0:14:30]} 12. d3 {[%emt 0:02:00]} Nd5 {[%emt 0:04:30]} 13. a3 {[%emt 0:04:30]} Rb8 {[%emt 0:03:30]} 14. c4 {[%emt 0:02:30]} Nb6 {[%emt 0:20:30]} 15. Nc3 {[%emt 0:08:30]} Nd7 {[%emt 0:05:30]} 16. Na4 {[%emt 0:09:30]} Rb3 {[%emt 0:04:30]} 17. Bg5 {[%emt 0:11:30]} e5 {[%emt 0:03:30]} 18. Rad1 {[%emt 0:01:30]} O-O {[%emt 0:00:30]} 19. Bc1 {[%emt 0:01:30]} Ba6 {[%emt 0:01:30]} 20. Kg1 {[%emt 0:02:30]} Rbb8 {[%emt 0:01:30]} 21. b4 {[%emt 0:02:30]} Rbe8 {[%emt 0:04:30]} 22. Bb2 {[%emt 0:07:30]} Bf6 {[%emt 0:00:00]} 23. Nd2 {[%emt 0:03:30]} Nb6 {[%emt 0:01:00]} 24. Nc5 {[%emt 0:00:30]} Bc8 {[%emt 0:00:30]} 25. a4 {[%emt 0:03:30]} Re7 {[%emt 0:02:30]} 26. a5 {[%emt 0:00:30]} Nd7 {[%emt 0:00:30]} 27. Ndb3 {[%emt 0:02:30]} Rfe8 {[%emt 0:01:30]} 28. f3 {[%emt 0:00:30]} Kf7 {[%emt 0:01:30]} 29. Re2 {[%emt 0:02:30]} h5 {[%emt 0:01:30]} 30. Rde1 {[%emt 0:01:30]} g5 {[%emt 0:00:30]} 31. Kf1 {[%emt 0:04:46]} Nf8 {[%emt 0:00:30]} 32. d4 {[%emt 0:03:07]} exd4 {[%emt 0:03:43]} 33. Bxd4 {[%emt 0:02:38]} Ne6 {[%emt 0:02:14]} 34. Bxf6 {[%emt 0:02:53]} Kxf6 {[%emt 0:00:13]} 35. g3 {[%emt 0:01:08]} Nxc5 {[%emt 0:04:35]} 36. Nxc5 {[%emt 0:00:34]} Rxe2 {[%emt 0:01:52]} 37. Rxe2 {[%emt 0:00:04]} Rxe2 {[%emt 0:00:20]} 38. Kxe2 {[%emt 0:00:30]} Ke5 {[%emt 0:00:00]} 39. Ke3 {[%emt 0:01:31]} f4+ {[%emt 0:01:42]} 40. gxf4+ {[%emt 0:01:26]} gxf4+ {[%emt 0:00:07]} 41. Kd3 {[%emt 0:00:47]} Bh3 {[%emt 0:02:25]} 42. Nb3 {[%emt 0:01:03]} Bf5+ {[%emt 0:02:58]} 43. Kc3 {[%emt 0:00:47]} Bd7 {[%emt 0:01:29]} 44. h4 {[%emt 0:00:16]} Bf5 {[%emt 0:00:38]} 45. Nc5 {[%emt 0:01:59]} Bh3 {[%emt 0:01:28]} 46. Nd3+ {[%emt 0:01:00]} Kf5 {[%emt 0:00:09]} 47. Kd4 {[%emt 0:00:06]} Bf1 {[%emt 0:00:16]} 48. Ne1 {[%emt 0:03:07]} Be2 {[%emt 0:00:16]} 49. Kc5 {[%emt 0:00:37]} Bf1 {[%emt 0:00:11]} 50. Kxc6 {[%emt 0:00:57]} Bxc4 {[%emt 0:00:06]} 51. Kxc7 {[%emt 0:00:19]} Ke5 {[%emt 0:00:15]} 52. Kb7 {[%emt 0:00:26]} a6 {[%emt 0:00:07]} 53. Kb6 {[%emt 0:01:27]} Be2 {[%emt 0:01:23]} 54. Kc5 {[%emt 0:00:10]} Bf1 {[%emt 0:02:15]} 55. Nc2 {[%emt 0:00:12]} Bh3 {[%emt 0:02:16]} 56. Nd4 {[%emt 0:01:08]} Bc8 {[%emt 0:00:46]} 57. b5 {[%emt 0:00:55]} axb5 {[%emt 0:00:46]} 58. Nxb5 {[%emt 0:00:30]} Bb7 {[%emt 0:00:00]} 59. Nd4 {[%emt 0:00:00]} Ba8 {[%emt 0:00:01]} 60. a6 {[%emt 0:00:05]} Kf6 {[%emt 0:00:21]} 61. Kd6 {[%emt 0:00:32]} Kg6 {[%emt 0:01:21]} 62. Nc6 {[%emt 0:00:17]} Kf6 {[%emt 0:00:00]} 63. Kc7 {[%emt 0:00:17]} Kf5 {[%emt 0:00:27]} 64. Kd6 {[%emt 0:01:01]} Kf6 {[%emt 0:00:11]} 65. Nd4 {[%emt 0:00:15]} Kg6 {[%emt 0:00:09]} 66. Ke5 {[%emt 0:00:30]} Kf7 {[%emt 0:00:14]} 67. Kxf4 {[%emt 0:00:18]} Kf6 {[%emt 0:00:02]} 68. Nb5 {[%emt 0:00:00]} 1-0